00600nam a2200217 a 4500001001300000003000900013005001700022008004100039020002200080082001800102100002100120245004400141260004400185300000900229500003500238505001000273650002300283650004000306650001500346700002100361nice12345678IN_TiNIC20260116013049.0050524s1988 newa grp 000 0 eng  a0300049 c7500a297.1977bMUN aMunson, Henry Jr aIslam and Revolution in the Middle East aNew HavenbYale University Press c1988 a180p aincludes index and biblioraphy2 aIndex aIslam and Politics aMiddle East-Politics and Government aShiah-Iran1 aMunson, Henry Jr